Kpop Groups - Statistics

General Stats
  • This quiz has been taken 245 times
    81 since last reset
  • The average score is 23 of 30
Answers on the Grid
Answers color-coded by a green-red scale on the quiz's grid according to % correct below.
Mamamoo
IKON
TR4CE
Mirano
NYVY
Gfriend
1verse
Izna
Secret Number
Weeekly
Velvia
Plave
Lykos
Golden Child
Billlie
Topaz
ORBT
Vivid Harmony
Gravity
B.A.P
Mist
NMIXX
BLOCK B
Luna
BTOB
ONYX
Dream
Candence
CLC
VIXX
DASH
GOT7
MEOVV
Nova
Raze
Riize
Oh My Girl
QWER
I.O.I
Symphony
WAV3
&Team
UNIS
KEP1ER
YOUNITE
DUSK
XPL0D
The Boyz
Everglow
Rose
Purple Kiss
Virtu
 
Answer Stats
Answer % Correct
Mamamoo
95%
NMIXX
95%
Gfriend
91%
Everglow
89%
GOT7
89%
IKON
89%
KEP1ER
89%
Riize
89%
The Boyz
89%
MEOVV
88%
&Team
86%
Billlie
86%
BTOB
86%
Oh My Girl
86%
Purple Kiss
86%
BLOCK B
84%
I.O.I
84%
Izna
82%
Weeekly
82%
VIXX
80%
Golden Child
79%
CLC
77%
Plave
73%
Secret Number
71%
UNIS
71%
B.A.P
57%
1verse
50%
YOUNITE
46%
QWER
45%
Gravity
18%
No matching quizzes found
Score Distribution
Percent of People with Each Score
Percentile by Number Answered
Your Score History
You have not taken this quiz since the last reset